[Event "X C.to Europeo a squadre"]
[Site "Debrecen HUN"]
[Date "1992.11.??"]
[Round "9.3"]
[White "Malisauskas, Vidmantas"]
[Black "Sarno, Spartaco"]
[Result "1-0"]
[WhiteElo "2530"]
[BlackElo "2430"]
[Annotator "ITA-LTU"]
[PlyCount "79"]
[EventDate "1992.11.20"]

1. e4 d6 2. d4 Nf6 3. Nc3 g6 4. Be2 Bg7 5. Nf3 O-O 6. O-O Bg4 7. Be3 Nc6 8. d5
Bxf3 9. Bxf3 Ne5 10. Be2 c6 11. a4 Qa5 12. Ra3 Rfc8 13. Rb3 Qc7 14. a5 Qxa5 15.
Rxb7 cxd5 16. Nxd5 Nxd5 17. exd5 Nc4 18. Bxc4 Rxc4 19. b3 Rcc8 20. Rxe7 Qc3 21.
Rxa7 Rxa7 22. Bxa7 Ra8 23. Be3 Ra2 24. Qg4 Rxc2 25. Qd7 Bf8 26. Qd8 Qc8 27.
Qxc8 Rxc8 28. Rb1 Rb8 29. b4 Rb5 30. Kf1 Bg7 31. Ke2 f5 32. Kd3 Rxd5+ 33. Kc4
Re5 34. b5 d5+ 35. Kd3 Re7 36. b6 Rb7 37. Rb5 Kf7 38. Ra5 Ke6 39. Ra7 Rd7 40.
Bf4 1-0